Beyond the critical path; Manageable bytes; The brains behind Canary Wharf (Record no. 17020)
[ view plain ]
| 000 -LEADER | |
|---|---|
| fixed length control field | 00816cab a2200193 4500 |
| 001 - CONTROL NUMBER | |
| control field | ABS40666 |
| 008 - FIXED-LENGTH DATA ELEMENTS--GENERAL INFORMATION | |
| fixed length control field | 090401t1989 xxu||||| |||| 00| 0 eng d |
| 035 ## - SYSTEM CONTROL NUMBER | |
| System control number | (Sirsi) u25353 |
| 041 ## - LANGUAGE CODE | |
| Language code of text/sound track or separate title | eng |
| 100 ## - MAIN ENTRY--PERSONAL NAME | |
| Personal name | Stokdyk, J. |
| 245 ## - TITLE STATEMENT | |
| Title | Beyond the critical path; Manageable bytes; The brains behind Canary Wharf |
| 260 ## - PUBLICATION, DISTRIBUTION, ETC. | |
| Date of publication, distribution, etc. | 1989 |
| 350 ## - PRICE (NR) (BK AM CF MU VM SE) [OBSOLETE] | |
| Price | 0 |
| 490 ## - SERIES STATEMENT | |
| Series statement | Building |
| Volume/sequential designation | 254(7584) 10 February 1989, 72-73 |
| 520 ## - SUMMARY, ETC. | |
| Summary, etc. | Three articles on computer s in project management , reports on how Bucknall Austin `s project management subsidiary Bucknall Crow is using computers to improve efficiency and quality; the setting up of the Project Management Shop in Covent Garden and the role computers are playing in the Canary Wharf development . |
| 690 ## - LOCAL SUBJECT ADDED ENTRY--TOPICAL TERM (OCLC, RLIN) | |
| Topical term or geographic name as entry element | PRACTICE AND TECHNIQUES |
| 942 ## - ADDED ENTRY ELEMENTS (KOHA) | |
| Suppress in OPAC | 0 |
| 948 ## - LOCAL PROCESSING INFORMATION (OCLC); SERIES PART DESIGNATOR (RLIN) | |
| c (OCLC) | 04/03/1997 |
| Withdrawn status | Lost status | Source of classification or shelving scheme | Damaged status | Not for loan | Home library | Current library | Shelving location | Date acquired | Total Checkouts | Full call number | Barcode | Date last seen | Copy number | Price effective from | Koha item type |
|---|---|---|---|---|---|---|---|---|---|---|---|---|---|---|---|
| Dewey Decimal Classification | London | London | Journal article | 14/09/1999 | ABS40666 | 25353-1001 | 06/08/2019 | 1 | 06/08/2019 | Journal article |